书目信息 |
| 题名: |
建筑速写
|
|
| 作者: | 卢国新 , 刘敬超 , 王静 编著 | |
| 分册: | ||
| 出版信息: | 北京 清华大学出版社 2021.03 |
|
| 页数: | 176页 | |
| 开本: | 26cm | |
| 丛书名: | ||
| 单 册: | ||
| 中图分类: | TU204.111 | |
| 科图分类: | ||
| 主题词: | 建筑画--jian zhu hua--速写技法--高等学校--教材 | |
| 电子资源: | ||
| ISBN: | 978-7-302-57269-5 | |
| 000 | 01092nam0 2200277 450 | |
| 001 | 0100028751 | |
| 005 | 20211025120159.0 | |
| 010 | @a978-7-302-57269-5@dCNY58.00 | |
| 100 | @a20210602d2021 em y0chiy50 ea | |
| 101 | 0 | @achi |
| 102 | @aCN@b110000 | |
| 105 | @aa a 000yy | |
| 106 | @ar | |
| 200 | 1 | @a建筑速写@Ajian zhu su xie@f卢国新, 刘敬超, 王静编著 |
| 210 | @a北京@c清华大学出版社@d2021.03 | |
| 215 | @a176页@c图 (部分彩图)@d26cm | |
| 320 | @a有书目 (第176页) | |
| 330 | @a本书对建筑速写加以分析和演示, 由浅入深、循序渐进, 并配有绘图步骤, 详细介绍建筑速写的基础、透视、明暗、配景和风格等特点与表现技法。该书共分10章, 第1-3章介绍建筑速写的基本概念及工具, 第4-8章介绍建筑速写的线条、构图、色调等, 第9-10章分别介绍不同题材的画法及优秀建筑速写作品赏析。 | |
| 333 | @a高等院校艺术设计类精品教材 | |
| 606 | 0 | @a建筑画@Ajian zhu hua@x速写技法@x高等学校@j教材 |
| 690 | @aTU204.111@v5 | |
| 701 | 0 | @a卢国新@Alu guo xin@4编著 |
| 701 | 0 | @a刘敬超@Aliu jing chao@4编著 |
| 701 | 0 | @a王静@Awang jing@4编著 |
| 801 | 0 | @aCN@c20210909 |
| 905 | @a河南城建学院图书馆@dTU204.111@eL785 | |
| 建筑速写/卢国新, 刘敬超, 王静编著.-北京:清华大学出版社,2021.03 |
| 176页:图 (部分彩图);26cm |
| 使用对象:高等院校艺术设计类精品教材 |
| ISBN 978-7-302-57269-5:CNY58.00 |
| 本书对建筑速写加以分析和演示, 由浅入深、循序渐进, 并配有绘图步骤, 详细介绍建筑速写的基础、透视、明暗、配景和风格等特点与表现技法。该书共分10章, 第1-3章介绍建筑速写的基本概念及工具, 第4-8章介绍建筑速写的线条、构图、色调等, 第9-10章分别介绍不同题材的画法及优秀建筑速写作品赏析。 |
| ● |
| 相关链接 |
|
|
|
正题名:建筑速写
索取号:TU204.111/L785
 
预约/预借
| 序号 | 登录号 | 条形码 | 馆藏地/架位号 | 状态 | 备注 |
| 1 | 1545943 | 215459439 | 建筑库101/101建筑库 111排4列2层/ [索取号:TU204.111/L785] | 在馆 | |
| 2 | 1545944 | 215459448 | 建筑库101/101建筑库 111排4列2层/ [索取号:TU204.111/L785] | 在馆 |